Geography of Southeast Asia on a Map - Statistics

General Stats
  • This quiz has been taken 484 times
  • The average score is 39 of 78
Answers on the Map
Answers color-coded by a green-red scale on the quiz's map according to % correct below.
 
Answer Stats
Group Answer % Correct
Capital Hanoi
95%
Capital Bangkok
94%
Country Laos
94%
Country Singapore
94%
Capital Singapore
94%
Country Thailand
94%
Country Vietnam
94%
Country Cambodia
93%
Country Myanmar
93%
Country Malaysia
92%
Capital Manila
92%
Country East Timor
90%
Country Brunei
89%
Capital Jakarta
89%
Capital Kuala Lumpur
87%
City Ho Chi Minh City
86%
Country Indonesia
85%
Region Java
84%
Capital Dili
79%
Body of Water South China Sea
79%
Capital Phnom Penh
76%
River Mekong
75%
Country Philippines
75%
Region Sumatra
75%
Capital Vientiane
74%
City Yangoon
74%
Region Luzon
72%
Capital Napyitaw
65%
Region Sulawesi
65%
Region Bali
60%
City Surabaya
60%
Capital Bandar Seri Begawan
56%
City Mandalay
55%
region Mindanao
54%
City Cebu
53%
City Melaka
53%
Region Cebu Island
52%
Body of Water Gulf of Thailand
52%
City Da Nang
49%
City Bandung
48%
City Chiang Mai
45%
City Denpasar
44%
Body of Water Java Sea
44%
City Davao
43%
City Quezon City
42%
City Medan
41%
River Irrawaddy
38%
Body of Water Gulf of Tonkin
32%
City Yogyakarta
31%
region Aceh
28%
City Penang
28%
City Haiphong
26%
River Hong
26%
City Hue
25%
Region Kalimantan
25%
City Palembang
25%
Region Sulu
25%
City Luang Prabang
22%
Region Sarawak
21%
City Surakata
20%
City Makasar
18%
Region Sabah
18%
Body of Water Straits of Malaka
18%
Region Maluku
17%
Region West Timor
16%
City Ambon
13%
City Banjarmasin
12%
Body of Water Tonle Sap
12%
City Ayutthaya
11%
River Chao Phraya
11%
City Dien Bien Phu
11%
River Salween
11%
Region Irian Jaya
10%
Body of Water Sunda Strait
10%
Region Kra Isthmus
8%
City Pagan
7%
City Chaing Rai
5%
Region Annamite Cordillera
4%
No matching quizzes found
Score Distribution
Percent of People with Each Score
Percentile by Number Answered
Your Score History
You have not taken this quiz